000 00509nam a22001697a 4500
999 _c8312
_d8312
008 201112b ||||| |||| 00| 0 eng d
040 _aBMS College of Architecture
100 _aApoorva, P S
245 _aCulture and tourism
300 _aNA
500 _a1BM15AT014
502 _8B,Arch
_NBMS College of Architecture, Visvesvaraya Technological University (VTU)
_aProject report
_d2019
650 _aCulture
700 _aBhagyalakshmi
_eGuide
700 _aNisha Mary Poulose
_eGuide
942 _2ddc
_cTHE